LEADER 01318nam 2200361 450 001 990000783710203316 035 $a0078371 035 $aUSA010078371 035 $a(ALEPH)000078371USA01 035 $a0078371 100 $a20011130d1982----km-y0itay0103----ba 101 $aita 102 $aIT 105 $a||||||||001yy 200 1 $a<> mobilità dei lavoratori e la disciplina del collocamento$eil trasferimento di atleti tra società sportive$eatti del'11. congresso nazionale e della tavola rotonda$ePrato 9-11 ottobre 1981 210 $aMilano$cGiuffrè$d1982 215 $aXI, 347 p$d26 cm 225 2 $aCentro nazionale studi di diritto del lavoro Domenico Napoletano$v4 410 $12001$aCentro nazionale studi di diritto del lavoro Domenico Napoletano$v4 606 0 $aCollocamento$xDiritto$xCongressi$z1981 606 0 $aLavoratori$xMobilità$xCongressi$z1981 606 0 $aCongressi$yPrato$z1981 676 $a344.1 801 0$aIT$bsalbc$gISBD 912 $a990000783710203316 951 $aCOLL. GAF 4$b17639 G$cCOLL. GAF 959 $aBK 969 $aGIU 979 $aPATTY$b90$c20011130$lUSA01$h1528 979 $c20020403$lUSA01$h1725 979 $aPATRY$b90$c20040406$lUSA01$h1654 996 $aMobilità dei lavoratori e la disciplina del collocamento$9617488 997 $aUNISA LEADER 02229nam 2200421 n 450 001 996392418703316 005 20221107141520.0 035 $a(CKB)1000000000671716 035 $a(EEBO)2240940560 035 $a(UnM)99847573 035 $a(EXLCZ)991000000000671716 100 $a19911204d1575 uy | 101 0 $aeng 135 $aurbn||||a|bb| 200 13$a[A notable discourse, plainelye and truely discussing, who are the right ministers of the Catholike Church$b[electronic resource] $ewritten against Calvin and his disciples, ... with an offer made by a Catholike to be a learned Protestant ... .] 210 $a[Duaci [i.e. London] $cPer Iohannem Bellerum [i.e. William Carter]$d1575] 215 $a[15+], 98, 24 leaves 300 $aA translation of: Albin de Valsergues, Jean d'. Marques de la vraye église catholique. 300 $aTitle and imprint supplied from Folger Shakespeare Library Catalogue. 300 $aImprint false; actual place of publication and printer's name from STC. 300 $a[par.]2r caption title reads: A notable discourse, plainly and truely discussing, who be the right ministers of the Catholique Churche. 300 $aIn two parts; part 2 is by William Allen, but was attributed to Edward Rishton by William Fulke; part 2 has caption title reading: An offer made by a Catholike to a learned Protestant, wherein shall appere the difference betwixte the open knowen churche of the Catholikes, from the hidde and vnknowen congregation of the Protestants. 300 $aFinal leaf is blank. 300 $aFormerly also STC 21058. 300 $aImperfect: Print faded and show-through; all before [par.]2 lacking. 300 $aReproduction of the original in the British Library. 330 $aeebo-0018 700 $aAlbin de Valsergues$b Jean d'$fd. 1566.$01003571 701 $aAllen$b William$f1532-1594.$01000878 702 $aRishton$b Edward$f1550-1586,$4aut 801 0$bCu-RivES 801 1$bCu-RivES 801 2$bCStRLIN 801 2$bWaOLN 906 $aBOOK 912 $a996392418703316 996 $aA notable discourse, plainelye and truely discussing, who are the right ministers of the Catholike Church$92380469 997 $aUNISA